| 000 | 00358nam a2200133Ia 4500 | ||
|---|---|---|---|
| 005 | 20260328104324.0 | ||
| 008 | 260328s9999||||xx |||||||||||||| ||und|| | ||
| 100 | _aLamprecht, Barbara | ||
| 245 | 0 |
_aRichard Neutra. 1892-1970 la conFormación del entorno. / _cBarbara Lamprecht |
|
| 260 | _bTaschen | ||
| 300 | _a96 p. | ||
| 650 | _aARQUITECTOS | ||
| 942 | _cBK | ||
| 999 |
_c11449 _d11449 |
||